Random Geography #1 - Statistics

General Stats
  • This quiz has been taken 73 times
  • The average score is 11 of 20
Answer Stats
Question Answer % Correct
What is the smallest country? Vatican City
97%
In what ocean did the RMS Titanic sink? The North Atlantic Ocean
91%
What major city connects Europe and Asia? Istanbul
84%
What continent is Madagascar of the coast of? Africa
82%
What is the capital of Hungary? Budapest
81%
What is the highest waterfall in the world? Angel Falls
75%
In which African country is Mt. Kilimanjaro located in? Tanzania
74%
What capital city lies on the Potomac river? Washington D.C.
71%
Which city is traditionally said to be built on seven hills? Rome
69%
What country has the most volcanoes? U.S.
69%
Yerevan, one of the world’s oldest continuously inhabited cities, is the capital of what country? Armenia
60%
What U.S. state contains the military base, Area 51? Nevada
60%
What is the name of the Spanish islands that lie off the Northwest coast of Africa? The Canary Islands
53%
What trench is the deepest in the water? The Mariana Trench
43%
What is the Japanese word that means “empty orchestra”? Karaoke
26%
In which U.S. state would you find Stone Mountain Park? Georgia
25%
What two countries share the longest land border? U.S. and Canada
19%
Frankenmuth, a U.S. city nicknamed “Little Bavaria”, is located in what state? Michigan
15%
Name both of the countries that use the imperial system other than the USA. Myanmar, Liberia
9%
What is the full name of Rhode Island? State of Rhode Island and Providence Plantations
4%
No matching quizzes found
Score Distribution
Percent of People with Each Score
Percentile by Number Answered
Your Score History
You have not taken this quiz